| 000 | 00765nam a2200205 i 4500 | ||
|---|---|---|---|
| 001 | 95052 | ||
| 003 | ES-MaACL | ||
| 005 | 20230906181626.0 | ||
| 007 | t| | ||
| 008 | 050520s1904 xxu ||||1| spa d | ||
| 100 | 1 |
_aLumholtz, Carl. _974742 |
|
| 245 | 1 | 3 |
_aEl México desconocido _b: cinco años de explotación entre las tribus de la Sierra Madre Occidental... / _cpor Carl Lumholtz ; traducido al castellano por Balbino Dávalos. |
| 260 |
_aNueva York : _bCharles Scribner's Sons, _c1904. |
||
| 300 |
_a2 v. (XXXV, 516; XVIII, 516 p.) : _bil. ; _c25 cm. |
||
| 546 | _aTextos en español e inglés. | ||
| 650 | 4 |
_aIndios de México. _9157375 |
|
| 651 | 4 |
_aMéxico- _xDescripción. _99061 |
|
| 700 | 1 |
_aDávalos, Balbino. _942852 |
|
| 852 |
_aES-MaACL _jF-7762-63 |
||
| 999 |
_c95052 _d95052 |
||